000 00349 a2200157 4500
001 171561
020 _a
040 _cMagnum
100 _aCunha, Júlia Nunes da
240 1 0 _aKing, meu cãozinho, meu amigo
_lpor
245 1 0 _aKing, meu cãozinho, meu amigo
300 _a24
362 0 _a1980
697 _aLITERATURA INFANTO
942 _cBK
999 _c171561
_d171561